[Event "III Open B Primavera"]
[Site "Como ITA"]
[Date "2007.05.18"]
[Round "?"]
[White "Prini, Roberto"]
[Black "Tabbone, Antonio"]
[WhiteElo "1580"]
[BlackElo "1580"]
[Result "1-0"]
[PlyCount "105"]
[EventDate "2007.04.13"]

1. Nc3 d5 2. d4 Bf5 3. Nf3 h6 4. e3 e6 5. Ne5 Qe7 6. Be2 Nd7 7. Nb5 Nxe5 8.
dxe5 c6 9. Nd4 Bh7 10. O-O Qc7 11. f4 Ne7 12. Bd2 Nf5 13. Nxf5 Bxf5 14. Bg4 Be7
15. Bxf5 exf5 16. Qh5 Qd7 17. Bc3 O-O 18. Rad1 f6 19. exf6 Bxf6 20. Bxf6 Rxf6
21. c4 Qe6 22. cxd5 Qxe3+ 23. Kh1 cxd5 24. Rxd5 Qe4 25. Re5 Qc2 26. h3 Qxb2 27.
Rxf5 Rxf5 28. Qxf5 Qxa2 29. Kh2 a5 30. Qg6 Rf8 31. f5 Rf6 32. Qe8+ Rf8 33. Qb5
Rf7 34. Rf3 a4 35. Rg3 Qa1 36. Qc4 a3 37. Rd3 Qe5+ 38. Rg3 b5 39. Qb3 Qe7 40.
Re3 Qd6+ 41. Rg3 b4 42. h4 Kh7 43. Qxf7 Qe5 44. Kh3 a2 45. Qxa2 Qxf5+ 46. Rg4
Qd3+ 47. Rg3 Qf5+ 48. Kh2 Qf6 49. Qc2+ Kg8 50. Kh3 Qe6+ 51. Kh2 Qf6 52. Qc4+
Kh7 53. Qxb4 1-0

[Event "III Open B Primavera"]
[Site "Como ITA"]
[Date "2007.04.20"]
[Round "?"]
[White "Prini, Walter"]
[Black "Prini, Roberto"]
[WhiteElo "1580"]
[BlackElo "1580"]
[Result "1-0"]
[PlyCount "117"]
[EventDate "2007.04.13"]

1. e4 e5 2. Nf3 Nc6 3. c3 Nf6 4. d3 d5 5. Nbd2 d4 6. Be2 Bc5 7. b4 dxc3 8. bxc5
cxd2+ 9. Bxd2 O-O 10. Rb1 b5 11. cxb6 axb6 12. a4 Nd4 13. Nxe5 Re8 14. Nf3 Bd7
15. Nxd4 Bxa4 16. Nc2 c5 17. Qc1 Re5 18. Bc3 Re6 19. O-O b5 20. e5 Nd5 21. Bb2
b4 22. Bf3 Nc3 23. Bxc3 bxc3 24. Bxa8 Qxa8 25. Re1 Qd5 26. Rb8+ Re8 27. Rxe8+
Bxe8 28. Qe3 Bc6 29. Qe4 Qe6 30. Qf4 Ba4 31. Ra1 Be8 32. h3 h6 33. Ra3 g5 34.
Qf6 Qd5 35. Rxc3 Kh7 36. Ne3 Qd4 37. Ra3 Qd7 38. Nf5 Kg8 39. Nxh6+ Kf8 40. Qxg5
Qe6 41. Qg8+ Ke7 42. Ra7+ Bd7 43. Qg5+ f6 44. exf6+ Kd6 45. Ra6+ Bc6 46. Nf5+
Kc7 47. Qf4+ Kb7 48. Ra1 Qd5 49. Rb1+ Ka6 50. Qf3 Qd7 51. Ra1+ Kb7 52. Rb1+ Ka6
53. Qf4 Qxd3 54. Qb8 Bb5 55. Qa8+ Kb6 56. Qb8+ Kc6 57. Ne7+ Kd7 58. Rxb5 Qd1+
59. Kh2 1-0

[Event "III Open B Primavera"]
[Site "Como ITA"]
[Date "2007.05.11"]
[Round "?"]
[White "Prini, Walter"]
[Black "Zingale, Giuseppe"]
[WhiteElo "1580"]
[BlackElo "1398"]
[Result "1-0"]
[PlyCount "49"]
[EventDate "2007.04.13"]

1. e4 e6 2. Nf3 Bc5 3. d4 Bb6 4. Bd3 Nc6 5. c3 d5 6. e5 Nge7 7. Bg5 h6 8. Bh4
Qd7 9. a4 a5 10. O-O Nf5 11. Bb5 g5 12. Bg3 Ba7 13. Qd3 b6 14. Nbd2 Bb7 15. b3
O-O-O 16. h3 Rdg8 17. c4 h5 18. cxd5 exd5 19. Rac1 Nxg3 20. fxg3 g4 21. Nh4
gxh3 22. Rf6 hxg2 23. Bxc6 Qh3 24. Qf5+ Kb8 25. Qxh3 1-0

[Event "III Open B Primavera"]
[Site "Como ITA"]
[Date "2007.04.20"]
[Round "?"]
[White "Taborelli, Achille"]
[Black "Campanini, Ambrogio"]
[WhiteElo "1802"]
[BlackElo "1544"]
[Result "1-0"]
[PlyCount "91"]
[EventDate "2007.04.13"]

1. d4 Nf6 2. c4 e5 3. Bg5 Be7 4. e3 Ne4 5. Bxe7 Qxe7 6. Qc2 exd4 7. Bd3 Nf6 8.
Qe2 Nc6 9. Nf3 dxe3 10. fxe3 d6 11. O-O O-O 12. Nc3 Be6 13. a3 a6 14. Rae1 Rad8
15. Qf2 Na5 16. Qh4 Rd7 17. Ng5 h6 18. Nge4 Nxe4 19. Qxe4 f5 20. Qf4 Qg5 21.
Qf3 Nc6 22. Ne4 Qg4 23. Qf2 Ne5 24. Bc2 Bxc4 25. h3 Qg6 26. Ng3 Bxf1 27. Rxf1
Rdf7 28. Bb3 Qg5 29. Nxf5 Kh8 30. Bxf7 Rxf7 31. Qc2 g6 32. h4 Qf6 33. Ng3 Qe6
34. Rxf7 Qxf7 35. Qe4 c6 36. Ne2 Kg7 37. Nf4 Qf6 38. g3 Qf5 39. Qd4 Qb1+ 40.
Kf2 Qc2+ 41. Ke1 Kh7 42. Qd1 Nf3+ 43. Qxf3 Qc1+ 44. Kf2 Qxb2+ 45. Qe2 Qxa3 46.
Qc2 1-0

[Event "III Open B Primavera"]
[Site "Como ITA"]
[Date "2007.05.18"]
[Round "?"]
[White "Taborelli, Achille"]
[Black "Panzetta, Vieri"]
[WhiteElo "1802"]
[BlackElo "1459"]
[Result "1-0"]
[PlyCount "113"]
[EventDate "2007.04.13"]

1. d4 d5 2. c4 e6 3. Nc3 Nf6 4. Bg5 Nbd7 5. e3 c6 6. cxd5 exd5 7. Nf3 Be7 8.
Bd3 O-O 9. O-O h6 10. Bh4 Re8 11. Rc1 Nf8 12. h3 Ng6 13. Bxg6 fxg6 14. Ne5 g5
15. Bg3 Bd6 16. a3 Bxe5 17. Bxe5 Bf5 18. Qb3 Qb6 19. Qxb6 axb6 20. Ne2 Nd7 21.
Bh2 b5 22. Bd6 Bd3 23. Rfe1 Bxe2 24. Rxe2 Rac8 25. Rec2 Nb6 26. b3 Re6 27. Bb4
Ree8 28. g3 Kf7 29. Kg2 Nd7 30. Bd2 Nf6 31. f3 Kg6 32. Kf2 Kf5 33. g4+ Kg6 34.
a4 bxa4 35. bxa4 Rf8 36. Kg3 Rfe8 37. a5 Ra8 38. Rb2 Rec8 39. Rxb7 Ne8 40. Rb6
Kf7 41. Rbxc6 Rxc6 42. Rxc6 Nf6 43. a6 Ra7 44. Rb6 Kg6 45. Bb4 Kh7 46. Bc5 Nd7
47. Rb7 Rxb7 48. axb7 Kg8 49. Bd6 Kf7 50. b8=Q Nxb8 51. Bxb8 Ke6 52. h4 gxh4+
53. Kxh4 g6 54. f4 Kf7 55. Be5 Kg8 56. f5 gxf5 57. gxf5 1-0

[Event "III Open B Primavera"]
[Site "Como ITA"]
[Date "2007.05.04"]
[Round "?"]
[White "Taborelli, Achille"]
[Black "Prini, Walter"]
[WhiteElo "1802"]
[BlackElo "1580"]
[Result "1-0"]
[PlyCount "69"]
[EventDate "2007.04.13"]

1. d4 Nf6 2. c4 e6 3. Nc3 Be7 4. e4 d6 5. Nf3 Nc6 6. a3 a6 7. Bd3 b6 8. O-O Bb7
9. d5 Ne5 10. Nxe5 dxe5 11. Re1 Bc8 12. Bg5 exd5 13. Bxf6 Bxf6 14. exd5 O-O 15.
Ne4 Re8 16. b4 a5 17. b5 Bb7 18. Ra2 Rc8 19. Rae2 Bg5 20. Qc2 Bf4 21. g3 Bh6
22. f3 Qe7 23. a4 Rcd8 24. Nf2 Bc8 25. Bxh7+ Kh8 26. Bf5 f6 27. Bxc8 Rxc8 28.
Ng4 Qc5+ 29. Kg2 Qd4 30. Nxh6 gxh6 31. Qg6 Qxc4 32. Qxh6+ Kg8 33. Qg6+ Kh8 34.
Re4 Qxd5 35. Rh4# 1-0

[Event "III Open B Primavera"]
[Site "Como ITA"]
[Date "2007.05.25"]
[Round "?"]
[White "Taborelli, Achille"]
[Black "Zingale, Giuseppe"]
[WhiteElo "1802"]
[BlackElo "1398"]
[Result "1-0"]
[PlyCount "53"]
[EventDate "2007.04.13"]

1. d4 d5 2. c4 Nf6 3. Nc3 c6 4. cxd5 Nxd5 5. e4 Nxc3 6. bxc3 e6 7. Nf3 Be7 8.
Bd3 c5 9. O-O Nc6 10. Bb2 O-O 11. e5 Na5 12. Qc2 g6 13. Rad1 c4 14. Be4 Rb8 15.
d5 Qb6 16. d6 Qb5 17. dxe7 Re8 18. Ba3 Bd7 19. Rb1 Qa6 20. Rfd1 Bc6 21. Ng5
Bxe4 22. Nxe4 Nc6 23. Nf6+ Kh8 24. Bd6 Rbd8 25. Qd2 Nxe7 26. Qh6 Ng8 27. Qxh7#
1-0

[Event "III Open B Primavera"]
[Site "Como ITA"]
[Date "2007.05.18"]
[Round "?"]
[White "Zingale, Giuseppe"]
[Black "Calabrese, Mattia"]
[WhiteElo "1398"]
[BlackElo "1347"]
[Result "1-0"]
[PlyCount "41"]
[EventDate "2007.04.13"]

1. d4 f5 2. c4 Nf6 3. Nc3 b6 4. Nf3 Bb7 5. e3 e6 6. Be2 Be7 7. O-O O-O 8. a3 a5
9. d5 Na6 10. Ne5 Nc5 11. f3 Bd6 12. f4 Nce4 13. Nxe4 Nxe4 14. Bf3 Nf6 15. b3
Re8 16. Bb2 Bc5 17. Qd3 Ba6 18. dxe6 Ra7 19. Rad1 d6 20. Nc6 Qa8 21. Ne7+ 1-0

[Event "III Open B Primavera"]
[Site "Como ITA"]
[Date "2007.04.13"]
[Round "?"]
[White "Zingale, Giuseppe"]
[Black "Campanini, Ambrogio"]
[WhiteElo "1398"]
[BlackElo "1544"]
[Result "0-1"]
[PlyCount "90"]
[EventDate "2007.04.13"]

1. d4 Nf6 2. c4 e5 3. a3 exd4 4. Qxd4 Nc6 5. Qd1 Bc5 6. e3 d6 7. Nf3 Bg4 8. Bd3
Qe7 9. O-O O-O 10. Nbd2 Ne5 11. Qc2 Rad8 12. Nxe5 Qxe5 13. Ne4 Nxe4 14. Bxe4 f5
15. Bxb7 Rb8 16. Bd5+ Kh8 17. b4 Bb6 18. Rb1 a6 19. Re1 Bh5 20. e4 f4 21. Bb2
Bd4 22. Bxd4 Qxd4 23. Rbd1 Qe5 24. Rd3 Rbc8 25. Bb7 Rb8 26. Bxa6 Rb6 27. Bb5
Bf7 28. Ba4 Bg6 29. Rd5 Qe7 30. c5 Rbb8 31. Qc4 Bf7 32. Bb3 Bxd5 33. Qxd5 dxc5
34. Qc4 cxb4 35. a4 Qe5 36. f3 c5 37. Rd1 Rbd8 38. Rd5 Rxd5 39. Qxd5 Qa1+ 40.
Qd1 Qxd1+ 41. Bxd1 c4 42. g3 Rd8 43. Be2 c3 44. gxf4 c2 45. Kg2 c1=Q 0-1

[Event "III Open B Primavera"]
[Site "Como ITA"]
[Date "2007.05.04"]
[Round "?"]
[White "Zingale, Giuseppe"]
[Black "Prini, Roberto"]
[WhiteElo "1398"]
[BlackElo "1580"]
[Result "1-0"]
[PlyCount "51"]
[EventDate "2007.04.13"]

1. Nf3 d5 2. d4 Nf6 3. e3 c6 4. h3 e6 5. a3 c5 6. c4 Qa5+ 7. Bd2 Qb6 8. b3 Nc6
9. Be2 cxd4 10. exd4 Nxd4 11. Be3 Qa5+ 12. Bd2 Nxf3+ 13. Bxf3 Qb6 14. cxd5 Bc5
15. O-O O-O 16. b4 Bd4 17. Bc3 Bxc3 18. Nxc3 Bd7 19. Re1 Rac8 20. Ne4 exd5 21.
Nxf6+ Qxf6 22. Rc1 Rxc1 23. Qxc1 Bc6 24. Qe3 Re8 25. Qxe8+ Bxe8 26. Rxe8# 1-0

[Event "XV Torneo Internazionale"]
[Site "Salona CRO"]
[Date "2007.12.07"]
[Round "1"]
[White "Romanishin, Oleg M."]
[Black "Godena, Michele"]
[Result "1/2-1/2"]
[WhiteElo "2547"]
[BlackElo "2535"]
[PlyCount "38"]
[EventDate "2007.12.07"]

1. d4 d5 2. Nf3 Nf6 3. c4 dxc4 4. e3 e6 5. Bxc4 a6 6. O-O b5 7. Be2 Bb7 8. a4
b4 9. Nbd2 Nbd7 10. Nc4 Be7 11. Na5 Bd5 12. Ne5 Nxe5 13. dxe5 Nd7 14. Qc2 c6
15. Nb7 Qb6 16. Nd6+ Bxd6 17. exd6 Qc5 18. Qd1 O-O 19. b3 f5 1/2-1/2

[Event "XV Torneo Internazionale"]
[Site "Salona CRO"]
[Date "2007.12.09"]
[Round "3"]
[White "Godena, Michele"]
[Black "Kurajica, Bojan"]
[Result "1-0"]
[WhiteElo "2535"]
[BlackElo "2554"]
[PlyCount "71"]
[EventDate "2007.12.07"]

1. e4 d5 2. exd5 Qxd5 3. Nf3 g6 4. d4 Bg7 5. Be2 Nf6 6. O-O O-O 7. c4 Qd6 8.
Nc3 Bg4 9. Be3 a6 10. Qb3 Nc6 11. Rfd1 Na5 12. Qa4 b6 13. c5 Qd7 14. Qxd7 Nxd7
15. Nd5 bxc5 16. h3 Bxf3 17. Bxf3 Rab8 18. dxc5 Bxb2 19. Rab1 Be5 20. Nxe7+ Kg7
21. Rxb8 Nxb8 22. c6 Re8 23. Bc5 Bf6 24. Re1 Bxe7 25. Bxe7 Kg8 26. Rb1 Kg7 27.
Bb4 Nbxc6 28. Bc3+ f6 29. Rc1 Re6 30. Bd2 h5 31. h4 Kh7 32. Kf1 Kg7 33. Be1 Kh7
34. g3 Kg7 35. Bg2 Kh7 36. f4 1-0

[Event "XV Torneo Internazionale"]
[Site "Salona CRO"]
[Date "2007.12.11"]
[Round "5"]
[White "Godena, Michele"]
[Black "Dizdarevic, Emir"]
[Result "1/2-1/2"]
[WhiteElo "2535"]
[BlackElo "2504"]
[PlyCount "26"]
[EventDate "2007.12.07"]

1. e4 c6 2. d4 d5 3. Nd2 dxe4 4. Nxe4 Bf5 5. Nc5 Qc7 6. Bd3 Bg6 7. Nf3 e6 8.
Bxg6 hxg6 9. Nd3 Nd7 10. Bf4 Bd6 11. Bxd6 Qxd6 12. c3 Ngf6 13. Qe2 Qd5 1/2-1/2

[Event "XV Torneo Internazionale"]
[Site "Salona CRO"]
[Date "2007.12.13"]
[Round "7"]
[White "Godena, Michele"]
[Black "Georgiev, Vladimir"]
[Result "0-1"]
[WhiteElo "2535"]
[BlackElo "2576"]
[PlyCount "72"]
[EventDate "2007.12.07"]

1. e4 c5 2. b3 Nc6 3. Bb2 e5 4. Bc4 d6 5. Nc3 g6 6. Nge2 Bg7 7. O-O Nge7 8. Nd5
O-O 9. f4 Bg4 10. h3 Bxe2 11. Qxe2 Nxd5 12. Bxd5 Nb4 13. Qc4 Rb8 14. fxe5 Nxd5
15. exd5 dxe5 16. Qxc5 Rc8 17. Qxa7 Rxc2 18. Ba3 Qxd5 19. Bxf8 Bxf8 20. Kh1
Rxd2 21. Rf2 Rd3 22. Kh2 Bc5 23. Qb8+ Kg7 24. Rxf7+ Kxf7 25. Rf1+ Kg7 26. Qc7+
Kh6 27. Rf7 Kg5 28. h4+ Kxh4 29. Rxh7+ Kg5 30. Qg7 Bd6 31. Qh6+ Kf5 32. g4+ Ke4
33. Qxg6+ Kd4 34. Rd7 Rd2+ 35. Kg3 Qg2+ 36. Kh4 Qh2+ 0-1

[Event "XV Torneo Internazionale"]
[Site "Salona CRO"]
[Date "2007.12.14"]
[Round "8"]
[White "Dembo, Yelena"]
[Black "Godena, Michele"]
[Result "1/2-1/2"]
[WhiteElo "2448"]
[BlackElo "2535"]
[PlyCount "37"]
[EventDate "2007.12.07"]

1. e4 e5 2. Nf3 Nc6 3. d4 exd4 4. Nxd4 Bc5 5. Be3 Qf6 6. c3 Nge7 7. Bc4 O-O 8.
O-O b6 9. Re1 Bb7 10. Bf1 Rfe8 11. Nc2 Ne5 12. Nd2 d5 13. Bxc5 bxc5 14. Qh5
N7g6 15. Qf5 Qb6 16. exd5 Bxd5 17. Ne3 Be6 18. Qc2 Rad8 19. Ndc4 1/2-1/2

[Event "XV Torneo Internazionale"]
[Site "Salona CRO"]
[Date "2007.12.15"]
[Round "9"]
[White "Godena, Michele"]
[Black "Stefanova, Antoaneta"]
[Result "0-1"]
[WhiteElo "2535"]
[BlackElo "2463"]
[PlyCount "68"]
[EventDate "2007.12.07"]

1. e4 e5 2. Nf3 Nc6 3. Bc4 Bc5 4. c3 Nf6 5. d4 exd4 6. e5 d5 7. Bb5 Ne4 8. cxd4
Bb6 9. Nc3 O-O 10. Be3 Bd7 11. Bd3 Bg4 12. h3 Bh5 13. g4 Bg6 14. h4 f6 15. h5
Nxc3 16. bxc3 Bxd3 17. Qxd3 fxe5 18. Nxe5 Nxe5 19. dxe5 Qd7 20. O-O-O Bxe3+ 21.
Qxe3 Qxg4 22. Rdg1 Qe6 23. Rg5 Kh8 24. Rhg1 Rf7 25. Qg3 Rg8 26. f4 d4 27. cxd4
Qxa2 28. f5 Qc4+ 29. Kb1 Rd7 30. f6 Rxd4 31. fxg7+ Rxg7 32. Rxg7 Qb5+ 33. Kc2
Qe2+ 34. Kb3 Qc4+ 0-1